000 01096nam a22003977a 4500
001 BR2022001059
003 BR-BrBNA
005 20230928105710.0
007 ta
008 230509b bl.||||| |||| 00| 0 por d
040 _aBR-BrBNA
_bpor
_cBiblioteca Nacional de Agricultura
041 _a(Por)
072 _aE70; E16; E20
_b5212
_b5213
_b9702
090 _ 5212 BR2022001059
110 1 _aBolsa de Mercadorias Futuros, São Paulo, SP (Brasil)
245 1 _aFuturos de boi gordo e bezerro
_bSérie Mercados
260 3 _aSão Paulo, SP (Brasil):
_c[nd].
300 _a22 p.
500 _aPublished 2004?; 6 tables; 5 graphs
650 _aBOI
650 _aBEZERRO
650 _aGADO DE CORTE
650 _aCONFINAMENTO
650 _aSEMICONFINAMENTO
650 _aCARNE
650 _aFRIGORÍFICO
650 _aBOLSA DE MERCADORIAS
650 _aINVESTIMENTO
650 _aRISCO
650 _aCADEIA PRODUTIVA
650 _aCOMERCIALIZAÇÃO
650 _aCUSTO DE PRODUÇÃO
650 _aRENTABILIDADE
909 _a202309
_bLucia
_c55
_dLucia Elande
942 _cBK
999 _c86250
_d86250